000 00350nam a2200133 i 4500
001 bg
100 1 _aKOLBUSZ, Franciszek
245 0 _aPolityka rolna lat 1971-1980.Cele osiągnięcia założenia /
_cFranciszek Kolbusz.
260 _aWarszawa,
_c1978.
040 _cBPK
041 _apol
942 _cKS
008 s pl f |000 0 pol
999 _c17722
_d17722
856 _uhttp://koha.tu.koszalin.pl/cgi-bin/koha/opac-detail.pl?biblionumber=17722
_yKatalog online BPK